| 000 | 01349naa a22003617u 4500 | ||
|---|---|---|---|
| 001 | 03934 | ||
| 003 | HDC | ||
| 007 | cr bn ---aaaaa | ||
| 008 | 210113t2003 nyu 000 0 eng | ||
| 020 | _a0824740416 (alk. paper) | ||
| 040 | _aHDC | ||
| 100 |
_aGray, Christopher P., _eauthor _93874 |
||
| 245 | 0 |
_aMicrobial Genomics and Drug Discovery. Chapter 5 : _bGenomic Strategies in Antibacterial Drug Discovery / _cby Christopher P. Gray and Wolfgang Keck ; edited by Thomas J. Dougherty and Steven J. Projan |
|
| 260 |
_aNew York : _bMarcel Dekker, _c2003 |
||
| 300 | _a15 pages | ||
| 336 |
_atext _2rdacontent |
||
| 337 |
_acomputer _2rdamedia |
||
| 338 |
_aonline resource _2rdacarrier |
||
| 500 | _aOriginal from book | ||
| 650 |
_aAntibiotics _9904 |
||
| 650 |
_aDrug development _93859 |
||
| 650 |
_aGene mapping _93856 |
||
| 650 |
_aGenomics _93857 |
||
| 650 |
_aMicrobial genetics _93855 |
||
| 650 |
_aPharmacogenomics _93858 |
||
| 700 |
_aDougherty, Thomas J., _q(Thomas John), _d1950- _eeditor _93860 |
||
| 700 |
_aKeck, Wolfgang, _eauthor _93875 |
||
| 700 |
_aProjan, Steve J., _eeditor _93861 |
||
| 856 | _zRequest full-text at [email protected] | ||
| 942 | _2lcc | ||
| 942 | _cCHAP | ||
| 942 | _kEBCH 002629 | ||
| 999 |
_c1259 _d1259 |
||